Le top 4 de la Ligue des Champions par saison - Statistiques

Statistiques générales
  • Ce quiz a été pris 451 fois
  • Le résultat moyen est 22 sur 28
Statistiques - réponses
Saison Réponse % Correct
2021-2022 Paris Saint-Germain
100%
2023-2024 Real Madrid
100%
2022-2023 Bayern Munich
99%
2010-2011 FC Barcelone
99%
2018-2019 Inter Milan
99%
2017-2018 Manchester City
99%
2019-2020 AC Milan
98%
2020-2021 Borussia Dortmund
98%
2015-2016 Liverpool FC
98%
2014-2015 Chelsea FC
97%
2005-2006 Manchester United
95%
2007-2008 Juventus Turin
94%
2006-2007 Atlético Madrid
93%
2003-2004 Arsenal FC
90%
2001-2002 FC Porto
88%
2011-2012 Tottenham Hotspur
88%
2012-2013 Olympique Lyonnais
87%
Ajax Amsterdam
85%
2008-2009 AS Monaco
83%
Bayer Leverkusen
66%
2013-2014 RB Leipzig
65%
Valence CF
57%
2009-2010 AS Roma
56%
2016-2017 Villarreal CF
52%
2002-2003 PSV Eindhoven
49%
2000-2001 Deportivo La Corogne
32%
2004-2005 FC Schalke 04
27%
Leeds United
20%
Aucun quiz correspondant
Distribution des résultats
% des personnes avec chaque résultat
Percentile par nombre de réponses
Votre historique - résultats
Vous n’avez pas pris ce quiz